[Event "Cornella de Llobregat op"]
[Site "Cornella de Llobregat"]
[Date "2017.05.15"]
[Round "5"]
[White "Moyano Barrero, Antonio"]
[Black "Jordan Garcia, Jose Maria"]
[Result "1-0"]
[WhiteElo "1989"]
[BlackElo "2068"]
[PlyCount "67"]
[EventDate "2017.04.03"]
[EventType "swiss"]
[EventRounds "7"]
[EventCountry "ESP"]
[SourceTitle "EXT 2018"]
[Source "ChessBase"]
[SourceDate "2017.10.13"]
[SourceVersion "1"]
[SourceVersionDate "2017.10.13"]
[SourceQuality "1"]

1. b4 e5 2. b5 d5 3. Bb2 Bd6 4. Nf3 Qe7 5. e3 Nf6 6. Be2 0-0 7. 0-0 e4 8. Nd4 c5 9. bxc6 Nxc6 10. f4 exf3 11. Nxf3 Ne5 12. Nxe5 Bxe5 13. Bxe5 Qxe5 14. c3 Bd7 15. Na3 Rac8 16. Rb1 Rc7 17. Nb5 Bxb5 18. Rxb5 a6 19. Rb4 Ne4 20. Qc2 Rd8 21. a4 Nd6 22. Rh4 g6 23. Bd3 f5 24. g4 Ne4 25. Bxe4 dxe4 26. gxf5 gxf5 27. Rhf4 Rf8 28. Qd1 Rf6 29. Qh5 Rd7 30. Kh1 Rxd2 31. Rg1+ Kh8 32. Rh4 Rd7 33. Qg5 Rg6 34. Qxg6 1-0

[Event "Barcelona Pujol Memorial 3rd"]
[Site "Barcelona"]
[Date "2011.10.05"]
[Round "2"]
[White "Barbero Sendic, Alejandro"]
[Black "Jordan Garcia, Jose Maria"]
[Result "1-0"]
[WhiteElo "2263"]
[BlackElo "1985"]
[PlyCount "83"]
[EventDate "2011.09.28"]
[EventType "swiss"]
[EventRounds "9"]
[EventCountry "ESP"]
[SourceTitle "EXT 2013"]
[Source "ChessBase"]
[SourceDate "2012.11.22"]
[SourceVersion "1"]
[SourceVersionDate "2012.11.22"]
[SourceQuality "1"]

1. e4 c5 2. Nf3 e6 3. d4 cxd4 4. Nxd4 Nc6 5. Nc3 a6 6. Be3 Qc7 7. Qd2 Nf6 8. f3 Bb4 9. 0-0-0 d5 10. Kb1 dxe4 11. Bf4 Qb6 12. Nxc6 bxc6 13. Bd6 Bxd6 14. Qxd6 Bb7 15. Bc4 Rd8 16. Qa3 exf3 17. Na4 Qc7 18. gxf3 Nd5 19. Rhg1 g6 20. h4 Qe7 21. Nc5 Rb8 22. Bxd5 cxd5 23. Qa4+ Kd8 24. Nd3 Qd7 25. Qd4 Re8 26. Ne5 Qc7 27. h5 Ba8 28. hxg6 fxg6 29. c4 Re7 30. Rc1 Qb6 31. Qc3 Qb4 32. Qc2 Rc7 33. Qh2 dxc4 34. Nxc4 Bd5 35. Rgd1 Rbb7 36. Nd6 Ke7 37. Nxb7 Rxb7 38. Qxh7+ Kf6 39. Qh8+ Kf7 40. Qe5 Qa5 41. b3 Qb6 42. Rh1 1-0

[Event "Ideal Clave op"]
[Site "Barcelona"]
[Date "1997.11.15"]
[Round "7"]
[White "Febrero Perez, Lluis"]
[Black "Jordan Garcia, Jose Maria"]
[Result "0-1"]
[WhiteElo "1805"]
[BlackElo "1950"]
[PlyCount "76"]
[EventDate "1997.09.??"]
[EventType "swiss"]
[EventRounds "9"]
[EventCountry "ESP"]
[SourceTitle "EXT 2003"]
[Source "ChessBase"]
[SourceDate "2002.11.25"]
[SourceVersion "1"]
[SourceVersionDate "2002.11.25"]
[SourceQuality "1"]

1. e4 c5 2. Nf3 Nc6 3. c3 Nf6 4. e5 Nd5 5. d4 cxd4 6. cxd4 d6 7. Bc4 Nb6 8. Bd3 Bg4 9. h3 Bxf3 10. Qxf3 e6 11. Bb5 Qc7 12. Bf4 Nd5 13. Bg3 a6 14. Bxc6+ Qxc6 15. Nc3 Nb4 16. Qxc6+ bxc6 17. 0-0 dxe5 18. dxe5 Nd5 19. Rac1 Bb4 20. Ne4 Rc8 21. a3 Be7 22. Nd6+ Bxd6 23. exd6 f6 24. Rfd1 Kd7 25. Rd4 e5 26. Ra4 Ra8 27. Rc5 Kxd6 28. Rca5 Nb6 29. Rb4 Kc7 30. f4 Nd5 31. Rba4 exf4 32. Bxf4+ Nxf4 33. Rxf4 Rhb8 34. Rg4 g6 35. Rf4 f5 36. Rf2 Rb5 37. Ra4 Re5 38. Rd2 Re4 0-1

[Event "Ideal Clave op"]
[Site "Barcelona"]
[Date "1997.11.08"]
[Round "6"]
[White "Jordan Garcia, Jose Maria"]
[Black "Vives Font, Daniel"]
[Result "0-1"]
[WhiteElo "1950"]
[BlackElo "1885"]
[PlyCount "55"]
[EventDate "1997.09.??"]
[EventType "swiss"]
[EventRounds "9"]
[EventCountry "ESP"]
[SourceTitle "EXT 2003"]
[Source "ChessBase"]
[SourceDate "2002.11.25"]
[SourceVersion "1"]
[SourceVersionDate "2002.11.25"]
[SourceQuality "1"]

1. e4 Nf6 2. e5 Nd5 3. c4 Nb6 4. d4 d6 5. f4 dxe5 6. fxe5 c5 7. Nf3 cxd4 8. c5 Nd5 9. Qxd4 Nc6 10. Bb5 Bf5 11. 0-0 e6 12. Nc3 Be7 13. Nxd5 exd5 14. e6 Bxe6 15. Qxg7 Bxc5+ 16. Kh1 Rf8 17. Qxh7 Qc7 18. Bh6 0-0-0 19. Bxf8 Rxf8 20. Bxc6 bxc6 21. Ng5 Qe5 22. Nxf7 Bxf7 23. Rxf7 Rh8 24. Rc7+ Kb8 25. Rb7+ Ka8 26. Rf1 Rxh7 27. Rxh7 Bd6 28. g3 0-1

[Event "Ideal Clave op"]
[Site "Barcelona"]
[Date "1997.09.27"]
[Round "1"]
[White "Jordan Garcia, Jose Maria"]
[Black "Fernandez Barragan, Josep A"]
[Result "1-0"]
[WhiteElo "1950"]
[BlackElo "1740"]
[PlyCount "77"]
[EventDate "1997.09.??"]
[EventType "swiss"]
[EventRounds "9"]
[EventCountry "ESP"]
[SourceTitle "EXT 2003"]
[Source "ChessBase"]
[SourceDate "2002.11.25"]
[SourceVersion "1"]
[SourceVersionDate "2002.11.25"]
[SourceQuality "1"]

1. e4 e5 2. Nf3 Nc6 3. Bb5 a6 4. Ba4 Nf6 5. 0-0 b5 6. Bb3 Bc5 7. c3 d6 8. d4 exd4 9. cxd4 Bb6 10. h3 0-0 11. Bg5 h6 12. Bh4 Ne7 13. Bxf6 gxf6 14. Nc3 Ng6 15. Nd5 c6 16. Nxb6 Qxb6 17. Nh2 c5 18. Bd5 Ra7 19. dxc5 dxc5 20. Qf3 Ne5 21. Qe3 Kh7 22. f4 Nd7 23. e5 f5 24. Rad1 c4 25. Qd4 Qxd4+ 26. Rxd4 Nc5 27. g4 Rd8 28. Rdd1 Nd3 29. Bg2 Be6 30. gxf5 Bxf5 31. Ng4 Kg6 32. Nf6 Rd4 33. Rf3 Rxf4 34. Rg3+ Bg4 35. Nxg4 Kf5 36. b3 Nxe5 37. Rd5 Rc7 38. Rxe5+ Kg6 39. Ne3+ 1-0